| 000 | 01141ncm a2200277 a 4500 | ||
|---|---|---|---|
| 999 |
_c355457 _d355457 |
||
| 003 | BLK | ||
| 005 | 20230731154809.0 | ||
| 008 | 200401b bu ||||| |||| 00| 0 bu d | ||
| 040 | _aBLK | ||
| 041 |
_aRUS _cRUS |
||
| 080 |
_aМасови песни. Песни на отделни обществени групи _b784.66 _z784.66 |
||
| 139 |
_aДружба _bД 90 |
||
| 245 |
_aДружба _bПопулярные песни болгарских композиторов для детей школьного возраста _cсостав. Крум Ангелов. |
||
| 250 | _a2. изд. | ||
| 260 |
_9402828 _aМосква _bГосударственное музыкальное издательство _c1962 |
||
| 300 |
_a81 с. : ноти _c28 см |
||
| 380 | _a7 | ||
| 650 | 7 |
_9166108 _aПесни |
|
| 653 | 7 |
_9199141 _aучилищни песни |
|
| 700 |
_aАнгелов, Крум Цветков _d1918-2006 _eсостав. _9372681 |
||
| 852 | _aЦб М ІІ 3707 | ||
| 942 |
_2udc _cNOT _n0 _s1 |
||
| 944 |
_aCR _c2020-04-01 _k30556 _lТеодора Пейчева-Дянкова |
||
| 999 | _d355457 | ||
| 999 | _d350590 | ||